UM Logo

Low, slow and easy : (Record no. 11731)

MARC details
000 -LEADER
fixed length control field 00579nam a22001577a 4500
003 - CONTROL NUMBER IDENTIFIER
control field OSt
005 - DATE AND TIME OF LATEST TRANSACTION
control field 20181220153014.0
008 - FIXED-LENGTH DATA ELEMENTS--GENERAL INFORMATION
fixed length control field 181220b ||||| |||| 00| 0 eng d
040 ## - CATALOGING SOURCE
Transcribing agency 0
082 ## - DEWEY DECIMAL CLASSIFICATION NUMBER
Classification number DPer 910.5 T69 Apr-June 2015 v. 45, n.4-5
245 ## - TITLE STATEMENT
Title Low, slow and easy :
Remainder of title Embrace the gentle art of poaching
Statement of responsibility, etc. recipes by Gino Gonzalez ; Photograph by Paulo Valenzuela ; Styling Pixie Rodrigo Sevilla ; Text by Kristine Ching /
300 ## - PHYSICAL DESCRIPTION
Extent v. 45, n. 2, p. 98-100.
Other physical details colored illustrations ;
Dimensions 28 cm.
500 ## - GENERAL NOTE
General note Food
650 ## - SUBJECT ADDED ENTRY--TOPICAL TERM
Topical term or geographic name as entry element Food
Form subdivision Periodical
9 (RLIN) 33440
942 ## - ADDED ENTRY ELEMENTS (KOHA)
Source of classification or shelving scheme Dewey Decimal Classification
Koha item type Periodicals
Holdings
Withdrawn status Lost status Source of classification or shelving scheme Damaged status Not for loan Collection code Home library Current library Date acquired Total Checkouts Full call number Date last seen Price effective from Koha item type Public note
    Dewey Decimal Classification     Periodicals UM Digos College - LIC UM Digos College - LIC 12/20/2018   DPer 910.5 T69 Apr-June 2015 v. 45, n.4-5 12/20/2018 12/20/2018 Periodicals Periodical article